|
|
|
|
| LEADER |
01262ppm a22002538a 4500 |
| 001 |
00046349 |
| 005 |
20210126150113.0 |
| 008 |
170228s2013 ||||||Viesd |
| 041 |
0 |
# |
|a Vie
|
| 082 |
1 |
4 |
|a 378.1
|b QU105L
|
| 100 |
1 |
# |
|a Lê, Thị Nguyệt Hằng
|
| 245 |
0 |
0 |
|a Quản lý hoạt động thực tập lâm sàng của sinh viên khoa điều dưỡng trường Cao đẳng y tế Cần Thơ
|b Luận văn thạc sĩ Khoa học giáo dục. Chuyên ngành: Quản lí giáo dục. Mã số: 8.14.01.14
|c Lê Thị Nguyệt Hằng; Phạm Hữu Ngãi (hướng dẫn)
|
| 260 |
# |
# |
|a Đồng Tháp
|b Đại học Đồng Tháp
|c 2020
|
| 300 |
# |
# |
|a 121 tr. + phụ lục
|c 30 cm.
|e 1 bản tóm tắt
|
| 500 |
# |
# |
|a ĐTTS ghi: Bộ giáo dục và đào tạo. Trường Đại học Đồng Tháp
|
| 653 |
# |
# |
|a Cao đẳng y tế Cần Thơ
|
| 653 |
# |
# |
|a Thực tập lâm sàng
|
| 653 |
# |
# |
|a Quản lí
|
| 653 |
# |
# |
|a Khoa điều dưỡng
|
| 653 |
# |
# |
|a Luận văn
|
| 700 |
1 |
# |
|a Phạm, Hữu Ngãi
|e Hướng dẫn
|
| 852 |
# |
# |
|j LV.0002077
|
| 910 |
# |
# |
|d 26/01/2021
|
| 980 |
# |
# |
|a Trung tâm Học liệu Lê Vũ Hùng, Trường Đại học Đồng Tháp
|